[Event "III Open"]
[Site "Locri ITA"]
[Date "2015.07.17"]
[Round "7"]
[White "Mrdja, Milan"]
[Black "Cordi', Domenico"]
[WhiteElo "2360"]
[BlackElo "2037"]
[Result "1-0"]
[PlyCount "39"]
[EventDate "2015.07.13"]

1. e4 e5 2. Bc4 Nf6 3. d3 Bc5 4. Nf3 d6 5. O-O O-O 6. c3 Bb6 7. Nbd2 h6 8. Bb3
c6 9. Re1 Qe7 10. d4 exd4 11. cxd4 Bg4 12. Qc2 Na6 13. h3 Bh5 14. e5 Bxf3 15.
Nxf3 dxe5 16. dxe5 Nd7 17. Bxh6 Kh8 18. Bg5 Qc5 19. Qd2 f6 20. Be3 1-0

[Event "III Open"]
[Site "Locri ITA"]
[Date "2015.07.17"]
[Round "7"]
[White "Naumkin, Igor"]
[Black "Familari, Giuseppe"]
[WhiteElo "2437"]
[BlackElo "1973"]
[Result "1-0"]
[PlyCount "39"]
[EventDate "2015.07.13"]

1. d4 d5 2. c4 c6 3. Nf3 Nf6 4. Nc3 e6 5. e3 Nbd7 6. Qc2 Bd6 7. Bd3 a6 8. O-O
O-O 9. c5 Bc7 10. e4 e5 11. exd5 exd4 12. d6 dxc3 13. dxc7 Qxc7 14. Qxc3 Nd5
15. Qd4 N7f6 16. h3 h6 17. Qh4 Qa5 18. Bxh6 gxh6 19. Qxh6 Be6 20. Rae1 1-0

[Event "III Open"]
[Site "Locri ITA"]
[Date "2015.07.17"]
[Round "7"]
[White "Paragliola, Gennaro"]
[Black "Mercuri, Delia"]
[WhiteElo "1495"]
[BlackElo "1556"]
[Result "1-0"]
[PlyCount "101"]
[EventDate "2015.07.13"]

1. d4 d5 2. c4 e6 3. Nc3 Bb4 4. Nf3 Nf6 5. Bg5 Bxc3+ 6. bxc3 c6 7. cxd5 exd5 8.
e3 Be6 9. Bd3 Nbd7 10. O-O Qc7 11. Qc2 h6 12. Bf4 Qc8 13. Rfe1 Nh5 14. Bd6 f5
15. Bxf5 Nb6 16. Bg6+ Bf7 17. Bxf7+ Kxf7 18. Ne5+ Kg8 19. Ng6 Qe6 20. Nxh8 Kxh8
21. Be5 Nc4 22. Qe2 Nf6 23. Bxf6 Qxf6 24. Qf3 Qg6 25. Qg3 Qc2 26. Rec1 Qb2 27.
h3 Rf8 28. Rab1 Qd2 29. Kh2 b5 30. Kg1 a5 31. Qh4 a4 32. Ra1 a3 33. Qg3 Nb2 34.
f4 Nc4 35. Qf2 Qd3 36. Re1 Nb2 37. Qe2 Qe4 38. Qf3 Qd3 39. Qg4 Nc4 40. Qd7 Rf6
41. Rac1 Qe4 42. g4 Nd2 43. Re2 Nf3+ 44. Kf2 Nh4 45. Kg3 g5 46. Qd8+ Kg7 47.
Qc7+ Kg6 48. f5+ Rxf5 49. gxf5+ Nxf5+ 50. Kh2 Qf3 51. Rcc2 1-0

[Event "III Open"]
[Site "Locri ITA"]
[Date "2015.07.17"]
[Round "7"]
[White "Romeo, Giovanni M."]
[Black "Rocchetti, Marco"]
[WhiteElo "1479"]
[BlackElo "1852"]
[Result "0-1"]
[PlyCount "84"]
[EventDate "2015.07.13"]

1. e4 e6 2. d4 d5 3. e5 c5 4. c3 Nc6 5. Nf3 Qb6 6. Bd3 Bd7 7. Be2 Nge7 8. O-O
cxd4 9. cxd4 Nf5 10. b3 Nfxd4 11. Nxd4 Qxd4 12. Qxd4 Nxd4 13. Bd3 Bb5 14. Bxb5+
Nxb5 15. Be3 Be7 16. a4 Nc7 17. Rc1 Kd7 18. Nd2 b6 19. Nf3 h6 20. Nd4 Rhc8 21.
Nc6 Na6 22. Nxe7 Kxe7 23. Rxc8 Rxc8 24. Rc1 Rxc1+ 25. Bxc1 Kd7 26. Be3 Kc6 27.
f4 Nc5 28. Bxc5 Kxc5 29. Kf2 Kb4 30. Ke2 Kxb3 31. Kd2 Kxa4 32. Kc2 Kb4 33. Kb2
a5 34. g4 Kc4 35. f5 Kd4 36. fxe6 fxe6 37. h4 Kxe5 38. g5 hxg5 39. hxg5 Kf5 40.
Kc2 Kxg5 41. Kb2 Kf4 42. Kc2 g5 0-1

[Event "III Open"]
[Site "Locri ITA"]
[Date "2015.07.17"]
[Round "7"]
[White "Tricomi, Massimo"]
[Black "Cartella, Giovanni"]
[WhiteElo "1930"]
[BlackElo "1817"]
[Result "1-0"]
[PlyCount "77"]
[EventDate "2015.07.13"]

1. b3 d5 2. e3 Nf6 3. Bb2 Bf5 4. f4 h5 5. Nf3 Nbd7 6. Nc3 e6 7. Ne2 c6 8. Ng3
Bg4 9. h3 Bxf3 10. Qxf3 h4 11. Ne2 Qa5 12. a3 Ne4 13. b4 Qb6 14. Bd4 c5 15.
bxc5 Ndxc5 16. f5 Qa5 17. Bc3 Nxc3 18. Nxc3 a6 19. Be2 Qc7 20. O-O Qg3 21. Qxg3
hxg3 22. fxe6 fxe6 23. Bg4 Rh6 24. Rf3 Bd6 25. Raf1 O-O-O 26. Nxd5 Ne4 27. Nb6+
Kb8 28. Nc4 Bc5 29. d3 b5 30. dxe4 bxc4 31. Rxg3 Rg6 32. Rgf3 Rd2 33. Rb1+ Kc7
34. e5 Rxc2 35. Rf7+ Kc8 36. Bf3 Rc3 37. Rbb7 Bxa3 38. Ra7 Rb3 39. Ra8+ 1-0

[Event "III Open"]
[Site "Locri ITA"]
[Date "2015.07.17"]
[Round "7"]
[White "Varvaglione, Antonio"]
[Black "Strebkovs, Andrejs"]
[WhiteElo "2202"]
[BlackElo "2356"]
[Result "0-1"]
[PlyCount "60"]
[EventDate "2015.07.13"]

1. e4 g6 2. d4 d6 3. Nc3 c6 4. Be3 e5 5. Nf3 Nd7 6. Bc4 Bg7 7. O-O Ngf6 8. dxe5
dxe5 9. Qd6 Qe7 10. Qxe7+ Kxe7 11. a4 Ng4 12. Bd2 Bh6 13. Rfd1 Bxd2 14. Rxd2 f6
15. a5 Nh6 16. Rad1 Nc5 17. Rd6 Nf7 18. Bxf7 Kxf7 19. b4 Na6 20. b5 cxb5 21.
Nxb5 Be6 22. Nd2 Ke7 23. Nb3 Rhc8 24. Na3 Nc5 25. Nxc5 Rxc5 26. a6 b5 27. c3
Rb8 28. Nc2 Rxc3 29. Nb4 Rbc8 30. f3 R8c4 0-1

[Event "III Open"]
[Site "Locri ITA"]
[Date "2015.07.18"]
[Round "8"]
[White "Cartella, Giovanni"]
[Black "Romeo, Giovanni M."]
[WhiteElo "1817"]
[BlackElo "1479"]
[Result "1-0"]
[PlyCount "81"]
[EventDate "2015.07.13"]

1. d4 Nf6 2. Nf3 e6 3. Bg5 h6 4. Bh4 b6 5. e3 Bb7 6. Nbd2 Bb4 7. c3 Be7 8. h3
c5 9. g4 Bd6 10. Rg1 g5 11. Bg3 Bxg3 12. Rxg3 Nc6 13. Nc4 Qe7 14. dxc5 bxc5 15.
Nd6+ Kf8 16. Nxb7 d5 17. Ba6 Rb8 18. Qa4 Rxb7 19. Qxc6 Rb6 20. Qa4 c4 21. b4
Ne4 22. Ne5 Nxg3 23. Nd7+ Kg7 24. Nxb6 axb6 25. fxg3 Ra8 26. b5 Qc5 27. Ke2 f5
28. Qb4 Qc7 29. Rg1 fxg4 30. hxg4 e5 31. Qb1 e4 32. Qd1 Rd8 33. Qd4+ Kg8 34.
Qf6 Rd6 35. Qe5 Qd8 36. Rf1 Qd7 37. Rf5 Kh7 38. a4 Kg8 39. Bb7 Kh7 40. Bxd5 Qd8
41. Rf7+ 1-0

[Event "III Open"]
[Site "Locri ITA"]
[Date "2015.07.18"]
[Round "8"]
[White "Familari, Giuseppe"]
[Black "Cordi', Domenico"]
[WhiteElo "1973"]
[BlackElo "2037"]
[Result "1/2-1/2"]
[PlyCount "99"]
[EventDate "2015.07.13"]

1. e4 e5 2. Bc4 Nf6 3. Nc3 Nc6 4. d3 a6 5. f4 Bc5 6. Nf3 d6 7. f5 h6 8. a3 Bd7
9. Nd5 Nxd5 10. Bxd5 Qe7 11. b4 Ba7 12. Bb2 O-O-O 13. Qd2 g6 14. fxg6 fxg6 15.
O-O-O g5 16. h3 Rdf8 17. Rdf1 Nd4 18. Nxd4 Bxd4 19. Bxd4 exd4 20. Rf2 Rf6 21.
Rhf1 Rhf8 22. Kb2 Qe5 23. Qe2 c6 24. Bb3 Kc7 25. Rxf6 Rxf6 26. Bf7 Rxf1 27.
Qxf1 Qf4 28. Qxf4 gxf4 29. c3 c5 30. cxd4 cxd4 31. Kc2 Kd8 32. Kd2 Ke7 33. Bc4
Kf6 34. Ke2 Ke5 35. Kf3 Ba4 36. Bd5 Bd1+ 37. Kf2 b6 38. Bb7 a5 39. bxa5 bxa5
40. Bd5 Bh5 41. Bc4 Be8 42. g3 Bd7 43. h4 Bg4 44. Bb3 Bh5 45. Ba4 Bg6 46. Bc6
Bf7 47. Kf3 fxg3 48. Kxg3 Bb3 49. Kf3 Bf7 50. Kg3 1/2-1/2

[Event "III Open"]
[Site "Locri ITA"]
[Date "2015.07.18"]
[Round "8"]
[White "Lazic, Miroljub"]
[Black "Iannello, Andrea"]
[WhiteElo "2466"]
[BlackElo "1985"]
[Result "1-0"]
[PlyCount "83"]
[EventDate "2015.07.13"]

1. g3 e5 2. c4 d6 3. Nc3 g6 4. Bg2 Bg7 5. Nf3 f5 6. O-O Nf6 7. d3 O-O 8. Rb1 a5
9. a3 c6 10. b4 axb4 11. axb4 Na6 12. b5 Nc5 13. Nd2 d5 14. bxc6 bxc6 15. cxd5
cxd5 16. Rb5 Ra5 17. Rxa5 Qxa5 18. Nxd5 Be6 19. Ne7+ Kh8 20. Nc6 Qc3 21. Nb1
Qb3 22. Qxb3 Nxb3 23. Ba3 Rc8 24. Nxe5 Rc2 25. e3 Nd5 26. Bd6 g5 27. Na3 Re2
28. Nac4 Nc3 29. Nf3 h6 30. h4 Bxc4 31. dxc4 g4 32. Ne5 Nd2 33. Ng6+ Kh7 34.
Nf4 Nxc4 35. Bb4 Rc2 36. Bxc3 Bxc3 37. Rb1 Rb2 38. Rc1 Nxe3 39. Rxc3 Nd1 40.
Rc7+ Kg8 41. Ng6 Rd2 42. Bd5+ 1-0

[Event "III Open"]
[Site "Locri ITA"]
[Date "2015.07.18"]
[Round "8"]
[White "Maduranga, Thushara"]
[Black "Manti, Elisa"]
[WhiteElo "1720"]
[BlackElo "1481"]
[Result "1-0"]
[PlyCount "43"]
[EventDate "2015.07.13"]

1. e4 d5 2. e5 c6 3. d4 Qc7 4. Nf3 Bg4 5. Nbd2 e6 6. h3 Bh5 7. Be2 Nd7 8. O-O
f6 9. Re1 Be7 10. exf6 Ngxf6 11. Ng5 Bf7 12. Bd3 e5 13. Bf5 e4 14. Nxf7 Kxf7
15. f3 Rad8 16. fxe4 Qf4 17. Nf3 Qg3 18. Ng5+ Ke8 19. e5 Ng8 20. Qh5+ g6 21.
Bxg6+ hxg6 22. Qxg6+ 1-0

[Event "III Open"]
[Site "Locri ITA"]
[Date "2015.07.18"]
[Round "8"]
[White "Mercuri, Delia"]
[Black "Mollace, Ruggero"]
[WhiteElo "1556"]
[BlackElo "1763"]
[Result "0-1"]
[PlyCount "118"]
[EventDate "2015.07.13"]

1. e4 e6 2. d4 d5 3. exd5 exd5 4. c4 c6 5. cxd5 Qxd5 6. Nc3 Bb4 7. Nge2 Nf6 8.
Bd2 Bxc3 9. Bxc3 O-O 10. f3 Re8 11. Qd2 Qb5 12. Kf2 Be6 13. Nf4 Bc4 14. Bxc4
Qxc4 15. b3 Qb5 16. Rhe1 Nbd7 17. Rad1 Nd5 18. Nxd5 Qxd5 19. Re3 h6 20. Qe2
Rxe3 21. Qxe3 Nf6 22. Qc1 Re8 23. Re1 Rxe1 24. Qxe1 Qf5 25. Qe2 Nd5 26. Be1 Qf4
27. Qe8+ Kh7 28. Qe4+ Qxe4 29. fxe4 Nf6 30. Kf3 Kg6 31. h4 h5 32. Bd2 Nd7 33.
b4 Kf6 34. Kf4 Ke6 35. g4 hxg4 36. Kxg4 Nf6+ 37. Kf4 g6 38. e5 Nd7 39. Kg5 Nb6
40. Bc1 Nd5 41. a3 Nc3 42. Be3 a6 43. Kh6 b6 44. Kg7 Nd5 45. Bg5 Nc3 46. Be3 b5
47. Bg5 Ne2 48. Be3 Ng3 49. Bf2 Nf5+ 50. Kf8 Ne7 51. Be3 Nd5 52. Bd2 Nb6 53.
Bc1 Nc4 54. Kg7 a5 55. Kf8 axb4 56. axb4 Nb6 57. Bd2 Nd5 58. Kg7 Ne7 59. Be3
Nf5+ 0-1

[Event "III Open"]
[Site "Locri ITA"]
[Date "2015.07.18"]
[Round "8"]
[White "Mrdja, Milan"]
[Black "Drasko, Milan"]
[WhiteElo "2360"]
[BlackElo "2437"]
[Result "1/2-1/2"]
[PlyCount "27"]
[EventDate "2015.07.13"]

1. e4 e6 2. Qe2 Be7 3. Nf3 d5 4. d3 Nf6 5. Nbd2 O-O 6. g3 b5 7. Bg2 Bb7 8. O-O
b4 9. Re1 Re8 10. e5 Nfd7 11. Nf1 c5 12. h4 Nc6 13. N1h2 Nf8 14. Bg5 1/2-1/2

[Event "III Open"]
[Site "Locri ITA"]
[Date "2015.07.18"]
[Round "8"]
[White "Nobile, Stefano"]
[Black "Varvaglione, Antonio"]
[WhiteElo "1819"]
[BlackElo "2202"]
[Result "0-1"]
[PlyCount "64"]
[EventDate "2015.07.13"]

1. Nf3 Nf6 2. g3 g6 3. Bg2 Bg7 4. O-O d6 5. d3 O-O 6. Nbd2 e5 7. e4 Nbd7 8. Nc4
Re8 9. Nh4 Nc5 10. Ne3 c6 11. Qe2 d5 12. exd5 cxd5 13. Rd1 d4 14. Nf1 Nd5 15.
c4 dxc3 16. Bxd5 Qxd5 17. bxc3 Na4 18. Qc2 Qc6 19. Bd2 Bh3 20. Ne3 Rac8 21.
Rab1 b5 22. Rdc1 e4 23. d4 Bh6 24. Nhg2 Bxg2 25. Kxg2 Bxe3 26. fxe3 Qc4 27. Kf2
Re6 28. Kg1 Qe2 29. Re1 Qh5 30. Rf1 a6 31. Rf4 Rc4 32. Rxe4 Qf5 0-1

[Event "III Open"]
[Site "Locri ITA"]
[Date "2015.07.18"]
[Round "8"]
[White "Rocchetti, Marco"]
[Black "Paragliola, Gennaro"]
[WhiteElo "1852"]
[BlackElo "1495"]
[Result "1-0"]
[PlyCount "45"]
[EventDate "2015.07.13"]

1. d4 g6 2. Nf3 d5 3. Bf4 Bg7 4. e3 Nf6 5. h3 Nc6 6. c4 e6 7. Nc3 Na5 8. Qa4+
Nc6 9. Be2 Bd7 10. Qa3 Rc8 11. O-O Qe7 12. c5 O-O 13. b4 a6 14. Qb3 Na7 15. a4
c6 16. Bd6 Qe8 17. Ne5 Ne4 18. Nxe4 Bxe5 19. dxe5 dxe4 20. Bxf8 Qxf8 21. Rad1
Qe7 22. Qc4 f5 23. exf6 1-0

[Event "III Open"]
[Site "Locri ITA"]
[Date "2015.07.18"]
[Round "8"]
[White "Rotstein, Arkadij"]
[Black "Naumkin, Igor"]
[WhiteElo "2502"]
[BlackElo "2437"]
[Result "1-0"]
[PlyCount "41"]
[EventDate "2015.07.13"]

1. Nf3 e6 2. g3 d5 3. Bg2 c5 4. O-O Nf6 5. d4 cxd4 6. Nxd4 Nc6 7. c4 Bc5 8. Nb3
Bb6 9. cxd5 Nxd5 10. Nc3 Nxc3 11. Qxd8+ Kxd8 12. bxc3 Kc7 13. Ba3 Bd7 14. Rfd1
Rad8 15. Bd6+ Kc8 16. Rab1 f6 17. a4 e5 18. a5 Bc7 19. Nc5 Nxa5 20. Be7 Bc6 21.
Bh3+ 1-0

[Event "III Open"]
[Site "Locri ITA"]
[Date "2015.07.18"]
[Round "8"]
[White "Strangio, Giuseppe"]
[Black "Femia, Diego"]
[WhiteElo "1468"]
[BlackElo "1365"]
[Result "0-1"]
[PlyCount "70"]
[EventDate "2015.07.13"]

1. e4 e5 2. Nf3 d6 3. d4 exd4 4. Nxd4 Nf6 5. Nc3 c5 6. Nf3 Bg4 7. Be2 Nc6 8.
O-O Be7 9. Be3 O-O 10. Qd2 Qc7 11. Rad1 a6 12. Ng5 Bxe2 13. Qxe2 Rfd8 14. Qc4
Ne5 15. Qb3 c4 16. Qb6 Qxb6 17. Bxb6 Rdc8 18. Rd2 Rc6 19. Ba5 Ne8 20. Nh3 Bd8
21. Bb4 f6 22. Rfd1 Nf7 23. Nf4 Kf8 24. Nfd5 Nc7 25. Ne3 Ke7 26. Nf5+ Kf8 27.
Bxd6+ Nxd6 28. Nxd6 b5 29. Nf5 Ne6 30. Nd4 Nxd4 31. Rxd4 Be7 32. Rd7 Re8 33.
Ra7 Bb4 34. f3 Bc5+ 35. Kf1 Bxa7 0-1

[Event "III Open"]
[Site "Locri ITA"]
[Date "2015.07.18"]
[Round "8"]
[White "Strebkovs, Andrejs"]
[Black "Laketic, Gojko"]
[WhiteElo "2356"]
[BlackElo "2422"]
[Result "1/2-1/2"]
[PlyCount "23"]
[EventDate "2015.07.13"]

1. d4 d5 2. c4 c6 3. cxd5 cxd5 4. Bf4 Nc6 5. e3 Nf6 6. Nc3 a6 7. Bd3 Bg4 8.
Nge2 e6 9. O-O Bd6 10. Bxd6 Qxd6 11. a3 O-O 12. Rc1 1/2-1/2

[Event "III Open"]
[Site "Locri ITA"]
[Date "2015.07.19"]
[Round "9"]
[White "Cordi', Domenico"]
[Black "Nobile, Stefano"]
[WhiteElo "2037"]
[BlackElo "1819"]
[Result "1-0"]
[PlyCount "71"]
[EventDate "2015.07.13"]

1. d4 Nf6 2. Nf3 e6 3. c4 b6 4. g3 Bb4+ 5. Bd2 Be7 6. Bg2 Ba6 7. Qc2 O-O 8. O-O
Bb7 9. Nc3 d6 10. Rfd1 Nbd7 11. e4 c5 12. e5 Ng4 13. exd6 Bxd6 14. Ng5 g6 15.
Bxb7 cxd4 16. Nce4 d3 17. Qxd3 Nc5 18. Qxd6 Nxb7 19. Qxd8 Rfxd8 20. Bc3 Rdc8
21. h3 h6 22. Nf3 Rxc4 23. Nfd2 Rxc3 24. Nxc3 Ne5 25. Nde4 f5 26. Nd6 Nc5 27.
f4 Ned3 28. Rab1 a5 29. b3 g5 30. a3 Rd8 31. Ncb5 gxf4 32. b4 axb4 33. axb4
Nxb4 34. Rxb4 fxg3 35. Kg2 Kg7 36. Nxf5+ 1-0

[Event "III Open"]
[Site "Locri ITA"]
[Date "2015.07.19"]
[Round "9"]
[White "Drasko, Milan"]
[Black "Rocchetti, Marco"]
[WhiteElo "2437"]
[BlackElo "1852"]
[Result "1-0"]
[PlyCount "89"]
[EventDate "2015.07.13"]

1. Nf3 d5 2. g3 Nf6 3. Bg2 e6 4. O-O c5 5. c4 Nc6 6. cxd5 exd5 7. d4 Be7 8.
dxc5 Bxc5 9. Bg5 Be6 10. Nc3 Be7 11. Qa4 O-O 12. Rfd1 Qb6 13. Qb5 Ne4 14. Qxb6
axb6 15. Nxe4 dxe4 16. Bxe7 Nxe7 17. Ng5 Bxa2 18. Bxe4 h6 19. Bxb7 Ra5 20. Nf3
Bb3 21. Rxa5 Bxd1 22. Re5 Ng6 23. Re3 Ba4 24. b3 Bd7 25. Kg2 Rb8 26. Bd5 Kf8
27. Nd4 Rc8 28. f4 Ne7 29. Bf3 Nf5 30. Nxf5 Bxf5 31. Re5 Be6 32. Rb5 Rb8 33.
Kf2 Bd7 34. Rb4 f6 35. Bd5 Ke7 36. Re4+ Kd6 37. Rd4 Ke7 38. h4 Rc8 39. Bf3 Rb8
40. Ke3 Rc8 41. Rxd7+ Kxd7 42. Bg4+ Kc7 43. Bxc8 Kxc8 44. Kd4 Kd7 45. Kd5 1-0

[Event "III Open"]
[Site "Locri ITA"]
[Date "2015.07.19"]
[Round "9"]
[White "Familari, Simone"]
[Black "Strangio, Giuseppe"]
[WhiteElo "1485"]
[BlackElo "1468"]
[Result "0-1"]
[PlyCount "40"]
[EventDate "2015.07.13"]

1. e4 c5 2. Nf3 Nc6 3. Bc4 Nf6 4. d3 d5 5. exd5 Nxd5 6. c3 e5 7. O-O Bg4 8.
Nbd2 Be7 9. Qe1 Bf6 10. d4 cxd4 11. cxd4 Qd6 12. Ne4 Qd7 13. Nxe5 Bxe5 14. dxe5
Nxe5 15. Be2 Bxe2 16. Qxe2 b6 17. Rd1 O-O 18. Ng3 Rfe8 19. Qd2 Rad8 20. Qe1
Nf3+ 0-1

[Event "III Open"]
[Site "Locri ITA"]
[Date "2015.07.19"]
[Round "9"]
[White "Femia, Diego"]
[Black "Paragliola, Gennaro"]
[WhiteElo "1365"]
[BlackElo "1495"]
[Result "0-1"]
[PlyCount "64"]
[EventDate "2015.07.13"]

1. e4 g6 2. d4 d6 3. Nf3 Bg7 4. Nc3 Nf6 5. e5 dxe5 6. dxe5 Qxd1+ 7. Nxd1 Ng4 8.
Bf4 Nc6 9. Bb5 Bd7 10. h3 Ngxe5 11. Nxe5 Nxe5 12. Bxd7+ Kxd7 13. O-O Rad8 14.
Ne3 Kc8 15. c3 Nd3 16. Bh2 Nxb2 17. Nd1 Nxd1 18. Rfxd1 Rxd1+ 19. Rxd1 Bxc3 20.
Rc1 Ba5 21. Rd1 Rd8 22. Rxd8+ Kxd8 23. f3 c5 24. Kf1 b5 25. Ke2 Kd7 26. g4 Ke6
27. f4 c4 28. Bg1 a6 29. a3 Bc7 30. Bh2 Kd5 31. h4 Ke4 32. g5 Bxf4 0-1

[Event "III Open"]
[Site "Locri ITA"]
[Date "2015.07.19"]
[Round "9"]
[White "Laketic, Gojko"]
[Black "Familari, Giuseppe"]
[WhiteElo "2422"]
[BlackElo "1973"]
[Result "1-0"]
[PlyCount "65"]
[EventDate "2015.07.13"]

1. d4 Nf6 2. Nf3 e6 3. c4 b6 4. g3 Bb7 5. Bg2 d6 6. O-O Nbd7 7. Re1 Be7 8. d5
e5 9. Nc3 O-O 10. e4 Re8 11. a3 Bf8 12. b4 g6 13. Bg5 Bg7 14. Qd2 a6 15. h3 Qb8
16. Rab1 Qa7 17. Rb3 Rac8 18. Be3 Qa8 19. Qd3 Bf8 20. Nd2 c6 21. Reb1 cxd5 22.
cxd5 b5 23. a4 bxa4 24. Nxa4 Rc7 25. Nc4 Qc8 26. Rc3 h5 27. Rbc1 Kh7 28. Nxd6
Bxd6 29. Rxc7 Bxc7 30. d6 Qa8 31. dxc7 Rc8 32. Qd6 Kg7 33. f3 1-0

[Event "III Open"]
[Site "Locri ITA"]
[Date "2015.07.19"]
[Round "9"]
[White "Manti, Elisa"]
[Black "Romeo, Giovanni M."]
[WhiteElo "1481"]
[BlackElo "1479"]
[Result "1/2-1/2"]
[PlyCount "33"]
[EventDate "2015.07.13"]

1. e4 d6 2. d4 g6 3. Nf3 Bg7 4. Be2 Nd7 5. O-O b6 6. Nc3 Bb7 7. Be3 Ngf6 8. Bd3
O-O 9. h3 Re8 10. Qd2 Rc8 11. b3 Nf8 12. Rfe1 c6 13. a3 Ne6 14. Rad1 Nc7 15. b4
b5 16. Qc1 a6 17. Rd2 1/2-1/2

[Event "III Open"]
[Site "Locri ITA"]
[Date "2015.07.19"]
[Round "9"]
[White "Mollace, Ruggero"]
[Black "Maduranga, Thushara"]
[WhiteElo "1763"]
[BlackElo "1720"]
[Result "1-0"]
[PlyCount "73"]
[EventDate "2015.07.13"]

1. e4 d6 2. d4 Nf6 3. Nc3 g6 4. Be3 Bg7 5. Qd2 O-O 6. Bh6 e5 7. Bxg7 Kxg7 8.
dxe5 dxe5 9. Rd1 Qe7 10. Nd5 Nxd5 11. Qxd5 Nc6 12. a3 Rd8 13. Qb3 Rxd1+ 14.
Kxd1 b6 15. Nf3 Bg4 16. Kc1 Rd8 17. Be2 Nd4 18. Nxd4 Qg5+ 19. Qe3 Qf6 20. Bxg4
Rxd4 21. Rd1 Rc4 22. Be2 Rc6 23. Rd3 Qe6 24. Rc3 f5 25. Rxc6 Qxc6 26. exf5 Qxg2
27. Qxe5+ Kh6 28. fxg6 Qxf2 29. Qh5+ Kg7 30. Qxh7+ Kf8 31. Qf7+ Qxf7 32. gxf7
Kxf7 33. Kd2 Kf6 34. Ke3 a5 35. Ke4 c5 36. h4 Ke6 37. h5 1-0

[Event "III Open"]
[Site "Locri ITA"]
[Date "2015.07.19"]
[Round "9"]
[White "Mrdja, Milan"]
[Black "Strebkovs, Andrejs"]
[WhiteElo "2360"]
[BlackElo "2356"]
[Result "1/2-1/2"]
[PlyCount "22"]
[EventDate "2015.07.13"]

1. e4 d6 2. d4 g6 3. c3 Bg7 4. Nf3 Nf6 5. Nbd2 O-O 6. Be2 c5 7. dxc5 dxc5 8.
O-O Nc6 9. Qc2 Qc7 10. a4 b6 11. Re1 Nh5 1/2-1/2

[Event "III Open"]
[Site "Locri ITA"]
[Date "2015.07.19"]
[Round "9"]
[White "Varvaglione, Antonio"]
[Black "Rotstein, Arkadij"]
[WhiteElo "2202"]
[BlackElo "2502"]
[Result "1-0"]
[PlyCount "81"]
[EventDate "2015.07.13"]

1. e4 c5 2. c3 Nf6 3. e5 Nd5 4. d4 cxd4 5. Nf3 e6 6. cxd4 d6 7. Bd2 Bd7 8. Bd3
Bc6 9. O-O Nd7 10. Nc3 Nxc3 11. Bxc3 dxe5 12. dxe5 Nc5 13. Bc2 Qxd1 14. Raxd1
Be4 15. Bxe4 Nxe4 16. Bd4 b6 17. Rc1 Nc5 18. Rfd1 Be7 19. Kf1 O-O 20. Ke2 Rfd8
21. b4 Nd7 22. a3 a5 23. bxa5 Rxa5 24. Rc7 Rd5 25. a4 h6 26. Rb1 Bc5 27. Bxc5
bxc5 28. Rb5 Nxe5 29. Rcxc5 Ng6 30. g3 Rd3 31. Rb8 Rxb8 32. Kxd3 Kf8 33. a5 Rb1
34. Nd4 Ra1 35. Kc4 Ke7 36. Kb5 Kd6 37. Kb6 Ne7 38. Nb5+ Kd7 39. a6 Nd5+ 40.
Kb7 Ra5 41. a7 1-0

[Event "LXXV C.to Italiano"]
[Site "Milano ITA"]
[Date "2015.11.29"]
[Round "1"]
[White "Basso, Pier Luigi"]
[Black "Dvirnyy, Danyyil"]
[WhiteElo "2435"]
[BlackElo "2561"]
[Result "1/2-1/2"]
[PlyCount "63"]
[EventDate "2015.11.29"]

1. d4 d5 2. c4 c6 3. Nc3 Nf6 4. e3 Bf5 5. cxd5 cxd5 6. Qb3 Nc6 7. Qxb7 Bd7 8.
Qb3 Rb8 9. Qd1 e5 10. dxe5 Nxe5 11. Nge2 Bc5 12. Nf4 Bc6 13. Be2 O-O 14. O-O
Re8 15. h3 h6 16. a4 d4 17. exd4 Bxd4 18. Nfd5 Bc5 19. Be3 Bxe3 20. Nxe3 Rxb2
21. Qxd8 Rxd8 22. Rfb1 Rbd2 23. Rd1 Ne4 24. Nxe4 Bxe4 25. f3 Bc6 26. Rxd2 Rxd2
27. Bb5 Bxf3 28. gxf3 Nxf3+ 29. Kf1 Nh2+ 30. Kg1 Nf3+ 31. Kf1 Nh2+ 32. Kg1
1/2-1/2

[Event "LXXV C.to Italiano"]
[Site "Milano ITA"]
[Date "2015.11.29"]
[Round "1"]
[White "Bellia, Fabrizio"]
[Black "Godena, Michele"]
[WhiteElo "2452"]
[BlackElo "2508"]
[Result "1/2-1/2"]
[PlyCount "29"]
[EventDate "2015.11.29"]

1. e4 e5 2. Nf3 Nc6 3. Bc4 Bc5 4. d3 Nf6 5. O-O d6 6. c3 Bb6 7. Nbd2 Ne7 8. Bb3
Ng6 9. h3 O-O 10. Nc4 h6 11. a4 c6 12. Nxb6 axb6 13. Be3 c5 14. Re1 Bd7 15. Bc2
1/2-1/2

[Event "LXXV C.to Italiano"]
[Site "Milano ITA"]
[Date "2015.11.29"]
[Round "1"]
[White "Borgo, Giulio"]
[Black "Bove, Alessandro"]
[WhiteElo "2372"]
[BlackElo "2360"]
[Result "1/2-1/2"]
[PlyCount "157"]
[EventDate "2015.11.29"]

1. e4 g6 2. d4 Bg7 3. Nf3 d6 4. h3 Nf6 5. Nc3 O-O 6. Be3 c6 7. a4 d5 8. e5 Ne8
9. Qd2 a5 10. h4 h5 11. Ne2 Nc7 12. Bh6 Ne6 13. c3 b6 14. g3 f6 15. Bh3 Kh7 16.
Bxg7 Nxg7 17. Bxc8 Qxc8 18. O-O Qf5 19. Nf4 Na6 20. Rae1 Rfe8 21. Re3 Nc7 22.
Rfe1 Nce6 23. Ng2 Nf8 24. Qe2 Qd7 25. Nf4 Qg4 26. Qd3 Qf5 27. Qd1 Nfe6 28. Ng2
Nf8 29. Qb3 Rab8 30. Qd1 Qd7 31. Qe2 Nfe6 32. exf6 exf6 33. Qd3 Nf5 34. R3e2
Neg7 35. Qa6 Rxe2 36. Rxe2 Qb7 37. Qxb7 Rxb7 38. Kf1 Kg8 39. Nd2 Kf7 40. Nf4
Re7 41. Rxe7+ Nxe7 42. b4 axb4 43. cxb4 Ne6 44. Nxe6 Kxe6 45. Ke2 Kd6 46. Nb3
Nf5 47. Kf3 Ng7 48. a5 Kc7 49. Kf4 Ne6+ 50. Ke3 Kb7 51. f3 Ka6 52. g4 bxa5 53.
bxa5 Kb5 54. gxh5 gxh5 55. Kd3 Nf4+ 56. Kc3 Ng6 57. Nc5 Kxa5 58. Nd7 f5 59. Nf6
Nxh4 60. f4 Kb5 61. Nxh5 Kb6 62. Kd3 Kc7 63. Ke3 Kd7 64. Nf6+ Ke7 65. Nh7 Ng6
66. Ng5 Kd6 67. Nf7+ Ke6 68. Nd8+ Kd7 69. Nf7 Nf8 70. Ne5+ Kc7 71. Nf7 Ne6 72.
Nh6 Ng7 73. Nf7 Kb6 74. Ne5 Kb5 75. Nf3 c5 76. dxc5 Kxc5 77. Kd3 Ne6 78. Nh4
Nxf4+ 79. Kd2 1/2-1/2

[Event "LXXV C.to Italiano"]
[Site "Milano ITA"]
[Date "2015.11.29"]
[Round "1"]
[White "David, Alberto"]
[Black "Brunello, Sabino"]
[WhiteElo "2580"]
[BlackElo "2562"]
[Result "0-1"]
[PlyCount "80"]
[EventDate "2015.11.29"]

1. e4 e5 2. Nf3 Nc6 3. Bb5 a6 4. Ba4 Nf6 5. O-O Be7 6. Re1 b5 7. Bb3 O-O 8. c3
d5 9. d4 exd4 10. e5 Ne4 11. cxd4 Bf5 12. Nc3 Nxc3 13. bxc3 Na5 14. Bc2 Qd7 15.
Bg5 Ba3 16. Nh4 Bxc2 17. Qxc2 Nc4 18. Nf5 Rfe8 19. Qd3 Bf8 20. Qh3 Kh8 21. Red1
a5 22. Rd3 Ra6 23. Bf6 gxf6 24. Rg3 Qe6 25. f4 fxe5 26. fxe5 Nxe5 27. Re3 f6
28. Qh5 Qd7 29. Nh4 Rae6 30. Rh3 Qf7 31. Qf5 Nc4 32. Ng6+ Kg8 33. Nf4 Ne3 34.
Rg3+ Kh8 35. Qh3 f5 36. Nxe6 Qxe6 37. Qh5 Bd6 38. Rh3 Re7 39. Qg5 f4 40. Rh6
Qf5 0-1

[Event "LXXV C.to Italiano"]
[Site "Milano ITA"]
[Date "2015.11.29"]
[Round "1"]
[White "Rombaldoni, Axel"]
[Black "Moroni, Luca jr"]
[WhiteElo "2539"]
[BlackElo "2460"]
[Result "1/2-1/2"]
[PlyCount "105"]
[EventDate "2015.11.29"]

1. d4 d5 2. c4 c6 3. Nf3 Nf6 4. e3 e6 5. Nbd2 c5 6. cxd5 exd5 7. Qc2 cxd4 8.
Nxd4 Bd6 9. Bb5+ Bd7 10. Bxd7+ Qxd7 11. Qf5 Nc6 12. Nb5 Bb4 13. Qxd7+ Kxd7 14.
O-O a6 15. Nc3 Bxc3 16. bxc3 Ne5 17. Rd1 Kc6 18. Nb3 Nc4 19. f3 Rhe8 20. Kf2
Rac8 21. g4 Rc7 22. Rb1 b6 23. Rd4 Ne5 24. Ba3 Nc4 25. Bc1 Ne5 26. Nd2 Kb7 27.
g5 Nfd7 28. Rxd5 Rxc3 29. Ne4 Rc2+ 30. Kg3 Kc6 31. Rd6+ Kc7 32. Rd2 Rc6 33. Bb2
Nc4 34. Rxd7+ Kxd7 35. Bxg7 Kc8 36. Bd4 Ree6 37. Kf4 h6 38. h4 Nd6 39. Nf6
hxg5+ 40. hxg5 Nb5 41. Rh1 Nxd4 42. exd4 Rxf6+ 43. gxf6 Rxf6+ 44. Ke4 Re6+ 45.
Kf5 Rd6 46. Ke4 Re6+ 47. Kd5 Rf6 48. Rh8+ Kc7 49. Ke4 Re6+ 50. Kf5 Rd6 51. Ke4
Re6+ 52. Kf5 Rd6 53. Ke4 1/2-1/2